LEADER 01094nam a2200253 i 4500 001 000000050039 003 CaOOAMICUS 005 20090316000000.0 008 090316s1931 it u000 u ita u 013 $a21210 040 $aSeMil$bita 100 1 $aSantelli, Arnolfo.$0(OLS)http://semarc/name/10459 245 13$aIl cardinal Bibbiena (1470-1520) /$cArnolfo Santelli. 260 $aBologna :$bCappelli,$c1931. 300 $a141p., [1] p. di ritratto ;$c17cm. 490 0 $aI grandi cardinali italiani nella vita e nella storia ;$v7. 500 $aDono di mons. Antonio Rimoldi. 650 4$aDovizi, Bernardo .$0(OLS)http://semarc/subject/10376 830 2$aI grandi cardinali italiani nella vita e nella storia ;$v7.$0(OLS)http://semarc/title/14934 850 $aSeMil 852 $aSeMil$W1$xVenegono$y1$m3A I 204$j16194$B16194$CSeMilBibl$Z2$F16194 $81 961 $aOmaggio: Rimoldi mons. Antonio 996 $6245$aIl cardinal Bibbiena (1470-1520)$9(OLS)http://semarc/title/76315 996 $6260$aBologna :$bCappelli$9(OLS)http://semarc/publisher/29689 LEADER 00901nam a2200205 i 4500 001 000000090825 003 CaOOAMICUS 005 20151221000000.0 008 151221s1857 xx u000 u fre u 013 $a63067 040 $aSeMil$bita 100 1 $aMelun, Armand : de .$0(OLS)http://semarc/name/40745 245 10$aVie de la soeur Rosalie fille de la Charité /$cpar le Vicomte De Melun. 260 $aParis :$bV.ve Poussièlgue-Rusand,$c1857. 300 $a281 p., [1] c. di tav. :$britr. ;$c18 cm. 650 4$aRosalie (Jeanne-Marie Rendu) .$0(OLS)http://semarc/subject/16601 850 $aSeMil 852 $aSeMil$W1$xVenegono$y1$m3H III 27 FA$j53792$B53792$CSeMilBibl$Z2$F58426 $8I 996 $6245$aVie de la soeur Rosalie fille de la Charité$9(OLS)http://semarc/title/136855 996 $6260$aParis :$bV.ve Poussièlgue-Rusand$9(OLS)http://semarc/publisher/43684